La Psicologia dels nostres pagesos / per Josep M. Rendé...
Descripción Física:
34 p. ; 21 cm
Materias:
Pagesos -- Catalunya -- Psicologia
MARC
| LEADER | 00000nam a2200000Ia 4500 | ||
|---|---|---|---|
| 001 | 2211 | ||
| 008 | 160829s192 - ?] xx 000 0 cat d | ||
| 080 | |a RF-1-1 | ||
| 100 | |a Rendé i Ventosa, Josep M. |9 25415 | ||
| 245 | |a La Psicologia dels nostres pagesos / per Josep M. Rendé... | ||
| 260 | |a Barcelona : |b Serveis Tècnics d'Agricultura [de la Mancomunitat de Catalunya, |c 192 - ?] | ||
| 300 | |a 34 p. ; |c 21 cm | ||
| 490 | |a Publicacions divulgadores dels Serveis Tècnics d'Agricultura ; 12 | ||
| 650 | |a Pagesos |x Catalunya |x Psicologia |9 30142 | ||
| 710 | 1 | |a Catalunya. |b Mancomunitat. |b Serveis Tècnics d'Agricultura |9 54615 | |
| 856 | 4 | |u https://media.diba.cat/diba/fitxers/arxiu/fulletons/bib_2211_baixa.pdf |y Accés lliure | |
| 856 | 4 | |u https://media.diba.cat/diba/fitxers/arxiu/fulletons/bib_2211_baixa.pdf |y Accés lliure | |
| 901 | |a Arxiu | ||
| 942 | |n 1 |2 udc | ||
| 952 | |0 0 |1 0 |4 0 |6 RF11 |7 1 |9 45290 |a Arxiu |b Arxiu |d 2016-12-01 |l 0 |o RF-1-1 |p 2211 |r 2016-12-01 00:00:00 |w 2016-12-01 |y ARXIU | ||
| 999 | |c 48364 |d 48364 | ||
| 900 | |a bib_2211_baixa.pdf | ||